| 000 | 00389nam a22001697a 4500 | ||
|---|---|---|---|
| 003 | UA-OsUOA | ||
| 001 | 2257 | ||
| 007 | ta | ||
| 008 | 20050721b un ||||| |||| 00| 0 ukr d | ||
| 100 | _aCronyn | ||
| 700 | _aGeorge W. | ||
| 942 | _cBK | ||
| 040 |
_aUA-OsUOA _cUA-OsUOA _dUA-OsUOA |
||
| 245 |
_aAmerican Indian Poetry: an anthology of songs and _bLove story |
||
| 955 | _a2 | ||
| 650 | 7 | _2UDC | |
| 999 |
_c288419 _d288419 |
||